=LDR 00000nam 2200000 4500 =001 INLIS00000000000007 =005 20260702043538 =020 ##$$a 978-623-8167-19-7 =082 ##$$a 025.559 =100 1#$$a Angelina Cory,S.Gz. =245 1 $$a Aneka Jus Buah & Sayur Untuk Kesehatan /$c Angelina Cory,S.Gz. =300 ##$$a 70 ; 14X21 cm